ALLAH SİZİN SAHİBİNİZDİR (Record no. 958267)

MARC details
000 -LEADER
sabit uzunluktaki kontrol alanı 00252nam a2200097Ia 4500
001 - KONTROL NUMARASI
kontrol alanı 958267
005 - EN SON İŞLEMİN TARİH VE ZAMANI
kontrol alanı 20250826215901.0
008 - SABİT-UZUNLUKTA VERİ ÖĞELERİ--GENEL BİLGİ
sabit uzunluktaki kontrol alanı 250824s9999 xx 000 0 und d
245 #0 - ESER / YAZAR
ESER ADI ALLAH SİZİN SAHİBİNİZDİR
Yazar Adı UĞUR KOŞAR
260 ## - YAYIN, DAĞITIM, VB.
YAYIN EVİ DESTEK YAYINLARI
Holdings
Düşüm durumu Kayıp durumu Hasar Durumu Ödünç verilmez Ana kütüphane Geçerli Kütüphane Edinilen tarih Toplam ödünç verme sayısı Barkod Son görüntüleme tarihi Fiyatın geçerli olmaya başladığı tarih Koha materyal türü
        SELÇUKLU ANADOLU LİSESİ SELÇUKLU ANADOLU LİSESİ 24.08.2025   10533184 26.08.2025 26.08.2025 Books